|
|
|
|
| LEADER |
00981nam a22002772a 4500 |
| 001 |
000972929 |
| 003 |
CZ BrMZK |
| 005 |
20100409091217.0 |
| 007 |
ta |
| 008 |
091022s1955 xr er|||||||||||cze d |
| 015 |
|
|
|a cnb000679812
|
| 035 |
|
|
|a (OCoLC)85448337
|
| 040 |
|
|
|a ABA001
|b cze
|c ABA001
|d BOA001
|
| 100 |
1 |
|
|a Tříska, Jiří,
|d 1922-
|7 jk01140297
|4 aut
|
| 245 |
1 |
0 |
|a Elektrické instalace v průmyslu :
|b určeno technikům začátečníkům a vyspělým montérům /
|c Jiří Tříska
|
| 250 |
|
|
|a 1. vyd.
|
| 260 |
|
|
|a Praha :
|b Státní nakladatelství technické literatury,
|c 1955
|f (Praž. tisk. 05)
|
| 300 |
|
|
|a 291 s. :
|b 1 tb. ;
|c 8°
|
| 490 |
1 |
|
|a Elektrotechnická minima ;
|v sv. 12
|
| 500 |
|
|
|a 3300 výt.
|
| 504 |
|
|
|a Obsahuje bibliografii a rejstřík
|
| 830 |
|
0 |
|a Elektrotechnická minima
|0 s
|
| 910 |
|
|
|a BOA001
|b 1-0351.191
|
| 990 |
|
|
|a BK
|
| 991 |
|
|
|b 200910
|
| 996 |
6 |
|
|b 2619358660
|c 1-0351.191
|l MZK
|r Sklad / do 1 hodiny
|n 2
|w 000972929
|u 000010
|a 1
|e BOA001
|j MZK50
|s P
|